| 000 | 01330nam0a2200385 4500 | ||
|---|---|---|---|
| 001 | RU\NLR\bibl\255065 | ||
| 005 | 20250620124139.0 | ||
| 010 |
_a5-7905-1202-X _915000 |
||
| 021 |
_aRU _b2001-48674 _92347 |
||
| 035 | _a(NLR Aleph) 000250826 | ||
| 090 |
_a1463535 _c1463535 |
||
| 100 | _a20020204d2001 |||y0rusy50 ca | ||
| 101 | 0 | _arus | |
| 102 | _aRU | ||
| 105 | _aa ||||||||| | ||
| 200 | 1 |
_aПосле пышного застолья _e[Рецепты от похмелья и переедания _fГ. Родионова] |
|
| 210 |
_aМ. _cРИПОЛ классик _d2001 |
||
| 215 |
_a27, [2] с. _cил. _d20 |
||
| 225 | 1 | _aСерия "Истоки здоровья" | |
| 300 | _aНа обл.авт.: Г. Родионова | ||
| 606 | 0 |
_aПохмелье _xТерапия _92245888 _3RU\NLR\auth\661347381 |
|
| 606 | 0 |
_aАппетит _xРасстройства _xТерапия _92245890 _3RU\NLR\auth\661347382 |
|
| 675 |
_a613.81 _v3 _zrus |
||
| 686 |
_a76.33 _2rugasnti |
||
| 686 |
_a51.23 _2rubbk |
||
| 686 | _aР645.11-5 | ||
| 686 | _aР341.430-5 | ||
| 702 | 1 |
_aРодионова _bГ. Н. _gГалина Николаевна _4220 |
|
| 801 | 0 |
_aRU _bRKP _c20020204 _gPSBO |
|
| 801 | 1 |
_aRU _bRKP _c20020204 |
|
| 801 | 2 |
_aRU _bNLR _c20020605 _grcr |
|
| 942 | _cBOOK | ||
| 980 | _aNB | ||